Statistics for Guess the kpop idol, part 2

Click here to take the quiz!

General Stats

  • This quiz has been taken 142 times
  • The average score is 5 of 15

Answer Stats

ClueAnswer% Correct
The only Red Velvet member who wasn't part of the SM RookiesJoy
83%
Was a JYP trainee for 10 yearsJihyo
73%
Her catholic name is MariaHwasa
71%
Could've debuted with TWICESomi
58%
If he hadn't debuted with his group, he would've been a saxophonistV
58%
Left Wonder Girls due to her healthHyuna
52%
Got rejected by YG, but then debuted with SMWendy
47%
Loves (way too much) pinkTiffany
21%
Antis poisoned him with orange juiceYunho
13%
Got rejected by YG because of weight reasons, then became one of the most known male visualsT.O.P
10%
Was Victoria's groom in We Got MarriedNickhun
9%
Got the "Giant Baby" nicknameSulli
5%
The first idol to have an school with her nameYoona
5%
Has 8 adoptive sistersJaejoong
4%
Appeared in Orange Caramel's Shanghai Romance MVMinhyun
3%

Score Distribution

Percentile by Number Answered

Percent of People with Each Score

Your Score History

You have not taken this quiz